Procedimiento simplificado y monitorio en el Código Procesal Penal chileno. Modificaciones introducidas por la ley N§ 20.074, Legislación, jurisprudencia y comentarios

Saved in:
Bibliografiske detaljer
Hovedforfatter: Durán Sanhueza, Rafael (Author)
Format: Bog
Sprog:spansk
Udgivet: Santiago Librotecnia 2008
Fag:
Tags: Tilføj Tag
Ingen Tags, Vær først til at tagge denne postø!

MARC

LEADER 00000nam a2200000 a 4500
001 UCI5271
003 CL-VaPUC
008 080320e20080000CL |||||||||||||||||spa|d
020 |a 9789567950683 
082 0 4 |a 347.8305  |b DUR  |2 21 
100 0 |a Durán Sanhueza, Rafael  |e author  |9 527489 
245 1 0 |a Procedimiento simplificado y monitorio en el Código Procesal Penal chileno. Modificaciones introducidas por la ley N§ 20.074, Legislación, jurisprudencia y comentarios 
300 |a 285 p 
942 |c BK 
945 |d 20080320 00:00:00  |a rbrito 
260 |a Santiago  |b Librotecnia  |c 2008 
650 0 |a Derecho procesal penal   |9 256392 
650 7 |a CODIGO DE PROCEDIMIENTO PENAL  |2 CL-VaPUC  |9 256474 
650 7 |a DERECHO DEL IMPUTADO  |2 CL-VaPUC  |9 527490 
650 0 |a Jurisprudencia  |9 255952 
650 7 |a RECURSO DE REPOSICION  |2 CL-VaPUC  |9 451062 
650 0 |a Recurso de apelación  |9 380716 
650 0 |a Recurso de nulidad  |9 494481 
650 0 |a Medidas cautelares  |9 256590 
583 |a last modification  |c 20080320 00:00:00  |k Rodrigo Vera 
999 |c 329026  |d 329024 
952 |0 0  |1 0  |4 0  |6 347_830500000000000_DUR_2008  |7 0  |8 A  |9 413300  |a BIBDER  |b BIBDER  |d 2019-11-22  |i 4415655  |l 2  |m 3  |o 347.8305 DUR 2008  |p 4415655  |r 2023-01-25  |s 2022-10-28  |w 2019-11-22  |y BK  |k DER